000 00381nam a2200145Ia 4500
008 100122s9999 xx 000 0 und d
082 _b13119
_a915.479
100 _aमोकाशी दि बा
245 _aपालखी
260 _bमौज प्रकाशन
_c1965
300 _a160
630 _aपालखी
730 _aपालखी
942 _cBOOK
999 _c404001
_d403998